00395nam a22001217a 450000500170000000800410001708200230005810000170008124500830009826000450018130000210022665000260024720260306042958.0220718b |||||||| |||| 00| 0 eng d aPOL.SOC CAP NO.162 aDorji, Yeshi aBody image and the practice of using fitness centers:ba case study in Thimphu aThimphu :bRoyal Thimphu College,c2022. av, 61 p.c30 cm. aStudent research work